| 000 | 00711nam a2200241 i 4500 | ||
|---|---|---|---|
| 001 | bg | ||
| 100 | 1 | _aKAŹMIERCZAK, Tomasz | |
| 245 | 1 | 0 |
_aWprowadzenie do pomocy społecznej : _bwybrane zagadnienia / _cTomasz Kaźmierczak, Marta Łuczyńska. |
| 260 |
_aKatowice : _b"Śląsk", _c1998. |
||
| 300 |
_a172, [1] s. ; _c21 cm. |
||
| 490 | 1 | _aBiblioteka Pracownika Socjalnego | |
| 650 | 9 | _aOpieka społeczna | |
| 655 | _aPodręczniki akademickie | ||
| 700 | 1 | _aŁUCZYŃSKA, Marta | |
| 830 | _aBiblioteka Pracownika Socjalnego | ||
| 020 | _a8371641184 | ||
| 040 | _cBPK | ||
| 041 | 0 | _apl | |
| 080 | _a364(075.8) | ||
| 920 | _a83-7164-118-4 | ||
| 942 | _cKS | ||
| 008 | s pl f |000 0 pol | ||
| 999 |
_c38481 _d38481 |
||
| 856 |
_uhttp://koha.tu.koszalin.pl/cgi-bin/koha/opac-detail.pl?biblionumber=38481 _yKatalog online BPK |
||